Portugal Squad FIFA World Cup 2026 - Statistics

General Stats
  • This quiz has been taken 147 times
  • The average score is 21 of 26
Answer Stats
Position Cub Name % Correct
ST Al Nassr Cristiano Ronaldo
97%
RB Barcelona Joao Cancelo
95%
CM PSG Joao Neves
95%
CDM Al Hilal Ruben Neves
95%
CDM PSG Vitinha
95%
CAM Man United Bruno Fernandes
94%
LB PSG Nuno Mendes
94%
CB Man City Ruben Dias
94%
CB Benfica Antonio Silva
90%
LB Man United Diogo Dalot
90%
GK Sporting Rui Silva
90%
CM Man City Bernardo Silva
89%
ST Al Nassr Joao Felix
89%
GK Wolves Jose Sa
89%
LW AC Milan Rafael Leao
88%
GK Porto Diogo Costa
87%
ST PSG Gonzalo Ramos
87%
RW Chelsea Pedro Neto
86%
RB Man City Matheus Nunes
80%
RW Juventus Francisco Conceicao
74%
Manager ... Roberto Martinez
72%
CAM Sporting Francisco Trincao
56%
LW Real Sociedad Gonzalo Guedes
49%
CB Benfica Tomas Araujo
44%
CB Sporting Goncalo Inacio
41%
RW Club Brugge Carlos Forbs
36%
No matching quizzes found
Score Distribution
Percent of People with Each Score
Percentile by Number Answered
Your Score History
You have not taken this quiz